| 000 | 00338nam a2200133Ia 4500 | ||
|---|---|---|---|
| 008 | 210312s9999||||xx |||||||||||||| ||und|| | ||
| 041 | _aosm | ||
| 050 | _aPL215 | ||
| 050 | _bT34 | ||
| 100 | _aMenemenlizade Mehmed Tahir Efendi | ||
| 245 | 0 | _aOsmanlı edebiyatı | |
| 260 | _c1898 | ||
| 650 | _aEdebiyat--Türk edebiyatı--Osmanlı dönemi | ||
| 999 |
_c21967 _d21967 |
||